LEADER 01206nam a2200289 i 4500 001 000000214459 003 CaOOAMICUS 005 20151207000000.0 008 151207s1991 it u000 u ita u 013 $a193330 020 $a88-10-10337-8 040 $aSeMil$bita 100 1 $aLagarde, Claude <1937- >.$0(OLS)http://semarc/name/90302 245 10$aCatechesi patristica e pedagogia moderna /$cLagarde Claude e Jacqueline, Equipe Ephéta. 260 $aBologna :$bEDB,$c1991. 300 $a239 p. ;$c22 cm. 490 0 $aEducatori e catechisti 650 4$aCatechesi - Storia.$0(OLS)http://semarc/subject/6302 650 4$aCatechesi.$0(OLS)http://semarc/subject/3693 700 1 $aLagarde, Jacqueline <1932- >.$0(OLS)http://semarc/name/90303 830 0$aEducatori e catechisti.$0(OLS)http://semarc/title/6609 850 $aSeMil 852 $aSeMil$W1$xVenegono$y1$m2C VII 43$j164881$B164881$CSeMilBibl$Z2$F221664 $81 961 $aLascito: Milani don Felice 996 $6020$a88-10-10337-8$9(OLS)http://semarc/number/76716 996 $6245$aCatechesi patristica e pedagogia moderna$9(OLS)http://semarc/title/143618 996 $6260$aBologna :$bEDB$9(OLS)http://semarc/publisher/29669 LEADER 01881nam a2200349 i 4500 001 000000079363 003 CaOOAMICUS 005 20190301093818.0 008 031028s2003 it u000 u mul u 013 $a51600 020 $a88-8139-098-1 040 $aSeMil$bita 110 1 $aConvegno internazionale di teologia$d.$0(OLS)http://semarc/name/109064 245 10$aGiustificazione, Chiese, Sacramenti :$bprospettive dopo la Dichiarazione cattolico-luterana : atti del Convegno internazionale di teologia, Roma 29-31 ottobre 2001 /$ca cura di Ermanno Genre e Andrea Grillo. 264 1$aRoma :$bPontificio Ateneo S. Anselmo,$c2003. 300 $a210 p. ;$c25 cm. 490 0 $aStudia Anselmiana ;$v137 490 0 $aStudia anselmiana. Sacramentum ;$v13 650 4$aEcumenismo - Atti di congressi.$0(OLS)http://semarc/subject/8000 650 4$aSacramenti - Teologia cattolica.$0(OLS)http://semarc/subject/113 650 4$aGiustificazione ed ecumenismo.$0(OLS)http://semarc/subject/19640 700 1 $aGenre, Ermanno,$d<1943- >.$0(OLS)http://semarc/name/23079 700 1 $aGrillo, Andrea,$d<1961- >.$0(OLS)http://semarc/name/2664 830 0$aStudia Anselmiana ;$v137.$0(OLS)http://semarc/title/54 830 0$aStudia anselmiana. Sacramentum ;$v13.$0(OLS)http://semarc/title/38581 850 $aSeMil 852 $aSeMil$W1$xVenegono$y1$m2M V 230$j45092$B45092$CSeMilBibl$Z2$F46959 $81 961 $aSottoscrizione: Herder 996 $6020$a88-8139-098-1$9(OLS)http://semarc/number/60676 996 $6245$aGiustificazione, Chiese, Sacramenti :$bprospettive dopo la Dichiarazione cattolico-luterana : atti del Convegno internazionale di teologia, Roma 29-31 ottobre 2001$9(OLS)http://semarc/title/127362 996 $6264$aRoma :$bPontificio Ateneo S. Anselmo$9(OLS)http://semarc/publisher/29636